Online
Catalog

Mi carnaval my carnival (Record no. 58292)

MARC details
000 -LEADER
campo de control de longitud fija 00256nam a22000977a 4500
020 ## - NÚMERO INTERNACIONAL ESTÁNDAR DEL LIBRO
Número Internacional Estándar del Libro 9789945510867
100 1# - ENTRADA PRINCIPAL--NOMBRE DE PERSONA
Nombre de persona Balaguer, Elizabeth
-- 61993
245 03 - MENCIÓN DEL TÍTULO
Título Mi carnaval my carnival
264 ## - PRODUCCIÓN, PUBLICACIÓN, DISTRIBUCIÓN, FABRICACIÓN Y COPYRIGHT
Producción, publicación Santo Domingo :
Nombre del de productor, editor, distribuidor, fabricante Amigos del Hogar,
Fecha de producción, publicación, distribución, fabricación o copyright 2024.
300 ## - DESCRIPCIÓN - FÍSICA
Extensión Pestaña: 37 páginas :
999 ## -
-- 58292
-- 58292
Holdings
Estatus retirado Estado de pérdida Fuente del sistema de clasificación o colocación Estado de daño Restricciones de uso No para préstamo Biblioteca de origen Biblioteca actual Fecha de adquisición Fuente de adquisición Total de préstamos Código de barras Visto por última vez Tipo de ítem Koha Nota pública Copia número
    Dewey Decimal Classification   Excluido de préstamo   Biblioteca Nacional Pedro Henríquez Ureña Biblioteca Nacional Pedro Henríquez Ureña 15.11.2024 Depósito Legal   2025-1403 04.03.2025 Folleto En proceso de descripción  
    Dewey Decimal Classification   Excluido de préstamo   Biblioteca Nacional Pedro Henríquez Ureña Biblioteca Nacional Pedro Henríquez Ureña 15.11.2024 Depósito Legal   2025-1404 04.03.2025 Folleto En proceso de descripción e.2
    Dewey Decimal Classification   Préstamo en sala   Biblioteca Nacional Pedro Henríquez Ureña Biblioteca Nacional Pedro Henríquez Ureña 15.11.2024 Depósito Legal   2025-1406 04.03.2025 Folleto En proceso de descripción e.3

Powered by Koha